|
|
|
|
| LEADER |
00000nab a2200000 a 4500 |
| 001 |
vtls000544888 |
| 003 |
SK-MaSNL |
| 005 |
20260303172159.0 |
| 008 |
220423c1992 xo 0 slo |
| 015 |
|
|
|a SNBRB19rr/mm-uuuuu
|
| 035 |
|
|
|a CL0545026
|
| 040 |
|
|
|a SNKBUCL
|b slo
|c SNKBUCL
|e AACR2
|
| 041 |
0 |
|
|a slo
|
| 044 |
|
|
|a xo
|c SK
|
| 080 |
|
|
|a 616.233-007.272:615.234
|2 1981
|
| 080 |
|
|
|a 615.234
|2 1981
|
| 080 |
|
|
|a 616.4248
|2 1981
|
| 100 |
1 |
|
|a Naji, Mohamad
|4 aut
|9 991733
|
| 245 |
1 |
0 |
|a Porovnanie dynamiky bronchiálnej obštrukcie po podaní syntofylínu, hydrokortizónu a furosemidu u astmatikov a bronchitikov
|c Mohamad Naji, Rafael Redhammer, Vlasta Košinárová
|
| 300 |
|
|
|b Obr. 4, tab. 2, res. angl., lit. 13 zázn. v angl., češ.
|
| 650 |
0 |
7 |
|a obštrukcia bronchiálna
|2 snkbucl
|9 900665
|
| 650 |
0 |
7 |
|a bronchodilatanciá
|2 snkbucl
|9 844772
|
| 650 |
0 |
7 |
|a syntofylín
|2 snkbucl
|9 1197352
|
| 650 |
0 |
7 |
|a hydrokortizón
|2 snkbucl
|9 22140
|
| 650 |
0 |
7 |
|a furosemid
|2 snkbucl
|9 13956
|
| 655 |
|
7 |
|a články z novín a časopisov
|2 snkbucl
|9 267496
|
| 700 |
1 |
|
|a Redhammer, Rafael,
|d 1934-
|4 aut
|9 221065
|
| 700 |
1 |
|
|a Košinárová, Vlasta
|4 aut
|9 12035
|
| 773 |
0 |
|
|t Studia pneumologica et phtiseologica cechoslovaca
|g Roč. 52, č. 5 (1992), s. 365-375
|x 0371-2222
|
| 850 |
|
|
|a Slovenská národná knižnica v Martine
|a MTA001
|
| 852 |
|
|
|a SNK
|b KIS3GCP
|
| 958 |
|
|
|a NB
|
| 958 |
|
|
|a RK
|
| 958 |
|
|
|a ME
|
| 992 |
|
|
|a RBX
|
| 999 |
|
|
|c 2085305
|d 2087235
|